000 00461nam a2200169Ia 4500
005 20250508160546.0
008 008 250505s9999 xx 000 0 hin d
037 _aTextual
040 _aFEDL
_beng
_cFEDL
041 _ahin
_2eng
084 _aB, ARV
_qFEDL
245 0 _aShri arbindo : Jivan aur darshan
260 _aDelhi, India
_bNavbharati Sahakar Prakashan
_c1969
300 _a102p.
942 _cTEXL
_hB, ARV
999 _c1365344
_d1365344